000 00626nam a2200241Ia 4500
003 OSt
005 20220923230359.0
006 a|||||r|||| 00| 0
007 ta
008 Pun
024 _a280,056
037 _cTextual
040 _aARTS
_cARTS
_bPun
041 _2Pun
_aPun
082 _aO153,2N181x, M2
100 _aਸਿੰਘ, ਬਲਬੀਰ
245 0 _aਜੈਨਰੇFਨ ਗੈਪ
260 _c1982
300 _a162ਪੰ
_ccm.
650 _aਭੱਜ਼ਾਂਸ਼. ਸਾਂFੲਛ
942 _hO153,2N181x, M2
_cTEXL
_2CC
999 _c384404
_d384404